Nestačí len robiť

Guardado en:
Detalles Bibliográficos
Autor principal: Laudis, Dušan
Formato: Libro
Lenguaje:eslovaco
Publicado: Bratislava vl.n. 1994
Edición:1. vyd.
Materias:
Etiquetas: Agregar Etiqueta
Sin Etiquetas, Sea el primero en etiquetar este registro!

MARC

LEADER 00000nam a2200000 4500
001 c005652
005 20221128073444.2
020 |a 80-967154-6-1 
041 0 |a slo 
044 |a SK 
245 1 0 |a Nestačí len robiť  |c Dušan Laudis 
250 |a 1. vyd. 
264 1 |a Bratislava  |b vl.n.  |c 1994 
300 |a 81 s. 
610 2 0 |a Slovensko 
610 2 0 |a spoločnosť informačná 
610 2 0 |a SNIS 
610 2 0 |a organizácie 
610 2 0 |a informácie 
610 2 0 |a banky dát 
610 2 0 |a činnosť informačná 
100 1 |a Laudis, Dušan